00922nam a2200265 a 45000010008000000030004000080050017000120080041000290100017000700200015000870350020001020400036001220420014001580430012001720820016001842450127002002600066003273000021003935040041004146500050004556500042005056510051005477000024005987000034006222002107OSt20230620111000.0921123s1988 be b 000 0 eng d a 90123269  a9290560371 a(OCoLC)21447954 aWUcWUdOCoLCdNcDdViBlbVdDLC alccopycat ad------04a320.91bCAO00aParticipative administration and endogenous development /cedited by Huỳnh Cao Trí ; V.A. Pai Panandiker ... [et al.]. aBrussels, Belgium :bIISA ;aParis, France :bUnesco,cc1988. a253 p. ;c25 cm. aIncludes bibliographical references. 0aPublic administrationxCitizen participation. 0aEconomic developmentxSocial aspects. 0aDeveloping countriesxPolitics and government.1 aHuỳnh, Cao Trí.2 aPai Panandiker, V. A.,d1935-